[Event "Civil Service op"]
[Site "London"]
[Date "2006.11.11"]
[Round "3"]
[White "Chivers, Tom R"]
[Black "MacKinnon, John"]
[Result "0-1"]
[WhiteElo "1880"]
[BlackElo "2000"]
[PlyCount "86"]
[EventDate "2006.11.11"]
[EventType "swiss"]
[EventRounds "5"]
[EventCountry "ENG"]
[SourceTitle "EXT 2008"]
[Source "ChessBase"]
[SourceDate "2007.11.25"]
[SourceVersion "1"]
[SourceVersionDate "2007.11.25"]
[SourceQuality "1"]

1. e4 c5 2. Nf3 e6 3. d4 cxd4 4. Nxd4 a6 5. Bd3 Bc5 6. Nb3 Be7 7. Nc3 Qc7 8. Be3 d6 9. a4 b6 10. a5 b5 11. Bb6 Qb7 12. e5 dxe5 13. Be4 Nc6 14. Qf3 Bd7 15. 0-0-0 Rc8 16. Qg3 Nf6 17. Qxe5 Nxe4 18. Qxe4 b4 19. Na2 Nxa5 20. Qxb7 Nxb7 21. Kb1 Ba4 22. Nac1 Nc5 23. Nxc5 Bxc5 24. Bxc5 Rxc5 25. b3 Bb5 26. Nd3 Bxd3 27. Rxd3 Ke7 28. Rhd1 Rhc8 29. R1d2 R8c7 30. f4 h5 31. h4 a5 32. Kc1 Rf5 33. Rd4 Kf6 34. Rf2 Rd5 35. Rxd5 exd5 36. Rd2 Rc5 37. Rd3 Kf5 38. g3 Ke4 39. Kd2 d4 40. Kd1 Rc3 41. Rxc3 dxc3 42. Ke2 f5 43. Kf2 a4 0-1